ランドの国々 - Statistics

General Stats
  • This quiz has been taken 390 times
  • The average score is 3 of 5
Answer Stats
大陸 % Correct
ヨーロッパ アイスランド
84%
ヨーロッパ アイルランド
76%
オセアニア ニュージーランド
66%
ヨーロッパ フィンランド
53%
ヨーロッパ ポーランド
47%
No matching quizzes found
Score Distribution
Percent of People with Each Score
Percentile by Number Answered
Your Score History
You have not taken this quiz